[Event "Elista FIDE GP"]
[Site "Elista"]
[Date "2008.12.22"]
[Round "8"]
[White "Leko, Peter"]
[Black "Jakovenko, Dmitrij"]
[Result "1/2-1/2"]
[WhiteElo "2747"]
[BlackElo "2737"]
[Annotator "Kritz,L"]
[PlyCount "98"]
[EventDate "2008.12.14"]
[EventType "tourn"]
[EventRounds "13"]
[EventCountry "RUS"]
[EventCategory "19"]
[SourceTitle "CBM 128"]
[Source "ChessBase"]
[SourceDate "2009.01.28"]
[SourceVersion "1"]
[SourceVersionDate "2009.01.28"]
[SourceQuality "1"]

1. e4 e5 2. Nf3 Nc6 3. Bb5 a6 4. Ba4 Nf6 5. O-O Be7 6. Re1 b5 7. Bb3 O-O {
Mit dieser Zugfolge hat Schwarz seine Bereitschaft angedeutet, den
Marschall-Angriff zu spielen. Weiß hat unterschiedliche Reaktionsmöglichkeiten.
Die Partiefortsetzung ist die ruhigste von allen.} 8. h3 (8. c3 {ist die
Hauptfortsetzung, die Marschall zulässt.} d5 9. exd5 Nxd5 10. Nxe5 Nxe5 11.
Rxe5 c6 {Es entsteht eine der umstrittensten und am häufigsten gespielten
Stellungen der Spanischen Partie.}) ({Eine andere Spielmöglichkeit ist} 8. a4
Bb7 9. d3 d6 {und wieder entsteht eine für beide Seiten gut spielbare Stellung
mit zahlreichen Möglichkeiten.}) 8... Bb7 9. d3 d5 $5 (9... d6 {gilt als
Hauptzug} 10. a3 {um den Läufer gegen den Abtausch nach Na5 zu sichern.} Na5
11. Ba2 c5 $132 {Es ist natürlich Geschmackssache, aber wenn man sich die
Stellung anschaut, dann kann man wohl wirklich kaum von weißem Vorteil
sprechen.}) 10. exd5 ({Nichts bringt} 10. Nc3 dxe4 11. dxe4 (11. Nxe4 Nxe4 12.
dxe4 Qxd1 13. Rxd1 Na5 $11) 11... Nd4 $1 12. Nxe5 Nxb3 13. Qxd8 Raxd8 14. axb3
b4 15. Nd5 Nxd5 16. exd5 Rxd5 $11) 10... Nxd5 11. a4 $5 $146 {Dieser Zug wurde
in der Turnierpraxis noch nicht gespielt. Weiß konzentriert sich nicht auf der
Eroberung des Materials, sondern will seine Entwicklung vollenden und sich
danach den schwarzen Schwächen widmen.} (11. Nxe5 Nd4 {Die entstandene
Stellung ähnelt dem Marschall-Angriff - Schwarz opfert den Bauern, bekommt
dafür ein sehr reiches Spiel. Wie man in den Beispielen sieht, kompensiert das
Läuferpaar den Minusbauern auf Dauer.} 12. c3 (12. Bd2 Re8 13. Nc3 Nxb3 14.
axb3 Bd6 15. d4 Nb4 16. Ne4 Bxe5 17. dxe5 Rxe5 18. Bxb4 Rxe4 $11 {Jakovenko -
Grischuk (Elista, 2008)}) (12. Nd2 c5 13. c3 Nxb3 14. Nxb3 Re8 15. a4 Nf6 16.
Bg5 Bf8 17. axb5 axb5 18. Rxa8 Bxa8 19. Nd2 h6 20. Bxf6 Qxf6 21. Nef3 Rd8 $44 {
Gashimov - Sargissian (Dresden, 2008). Das Läuferpaar und der schwache Bauer
d3 garantieren Schwarz ein ausreichendes Gegenspiel.}) (12. Nc3 Nb4 13. Ne4
Nxb3 14. axb3 f5 15. Nd2 Bf6 $44 {Timofeev - Jakovenko (Moscow, 2008)}) 12...
Nxb3 13. axb3 Re8 14. Nd2 Bd6 15. d4 Bxe5 16. dxe5 Nf4 $44 {Kanarek -
Gustafsson (Warsaw, 2008)}) 11... Nd4 {Das sieht am logischsten aus, ansonsten
ist nicht zu sehen, wie der e5-Bauer verteidigt werden kann.} (11... b4 12.
Nxe5 Nd4 13. Nd2 $14 {Das Feld c4 wurde geschwächt!}) (11... Bf6 12. Nbd2 $14 {
mit der Idee Ne4.}) 12. Nxd4 exd4 13. axb5 axb5 14. Rxa8 Bxa8 (14... Qxa8 $4
15. Bxd5 Bxd5 16. Rxe7 $18) 15. Na3 Bb4 {Hier kommen schon die ersten Fragen.
Das Nehmen auf a3 in Verbindung mit dem Einzug des Springers auf c3 sieht
verlockend aus, doch bringt es Schwarz eher in Nachteil.} (15... Bxa3 16. bxa3
Nc3 17. Qg4 $1 Re8 (17... c5 18. Bg5 Qc8 19. Be7 Qxg4 20. hxg4 Re8 21. Re5 Bb7
22. f4 $16) 18. Rxe8+ Qxe8 19. Bh6 Qf8 20. Bg5 $16) ({Einen taktischen Trick
erlaubt} 15... Bc6 $2 16. Nxb5 $1 Bxb5 17. Bxd5 Qxd5 18. Rxe7 Re8 19. Qe1 Kf8
20. Rxe8+ Bxe8 21. Bf4 $16 {Schwarz wird es schwirieg haben, seine Bauern des
Damenflügel zu verteidigen.}) 16. Re5 Bd6 17. Re1 ({Natürlich nicht} 17. Rxd5
Bxd5 18. Bxd5 Bxa3 19. Bxf7+ Rxf7 20. bxa3 Qf6 $19) 17... Bb4 18. Bd2 Bxd2 19.
Qxd2 Bc6 (19... c6 $5 20. Qe2 Bb7 21. Qe5 $1 $14 {Weiß schafft es rechtzeitig,
seine Initiative zu entwickeln, bevor Schwarz den Läufer ins Spiel gebracht
hat.}) 20. Re5 {Weiß ist am Drücker, muss allerdings sehr dynamisch agieren -
der Springer auf a3 wird im statischen Kampf keine gute Rolle spielen.} b4 (
20... Qd6 21. Qg5 h6 (21... Nf6 22. Nxb5 $18) (21... f6 22. Rxd5 $1 (22. Bxd5+
Bxd5 23. Rxd5 fxg5 24. Rxd6 cxd6 25. Nxb5 Rb8 26. Nxd4 Rxb2 $17) 22... Bxd5 23.
Qxd5+ Qxd5 24. Bxd5+ Kh8 25. Nxb5 $18) 22. Qg3 Qc5 (22... Qd7 23. Nxb5 $18) 23.
Nb1 $1 {Die einzige schlechte Figur kommt ins Spiel, und das mit Tempo - nach
Nd2-Ne4 hängt die Dame.} Rd8 24. Nd2 $16) 21. Nb5 $1 (21. Nc4 Qf6 22. Qg5 Qxg5
23. Rxg5 Rd8 $11 {Der Springer steht schön auf c4, macht aber nichts.}) 21...
Nf6 (21... Bxb5 22. Rxd5 Qb8 23. Qxb4 Bc6 24. Qxb8 Rxb8 25. Rxd4 $18) 22. Qf4 (
22. Qxb4 $18 {gewann ebenfalls einen Bauern, mit guten Perspektiven auch den
zweiten zu gewinnen.}) 22... Bd5 (22... Nd7 23. Rf5 Bxb5 24. Rxb5 c5 25. Qd6
$18 {Es ist offensichtlich, dass Schwarz auseinanderfällt.}) 23. Bxd5 Nxd5 24.
Qxd4 c6 25. Na7 Qc7 26. Nxc6 $1 Qxc6 27. Rxd5 Qxc2 28. Qxb4 $18 {Die Stellung
ist absolut gewonnen. Es ist mir ein Rätsel, wie ein Spieler solcher Klasse
wie Leko den Punkt nicht nach Hause gebracht hat.} h6 29. Rd7 (29. g3 $1 $18 {
Das ist vermutlich der Zug, den man als Allererstes macht - die Struktur
f2-g3-h4 gilt als die beste.}) 29... Qc6 30. Qd4 Re8 31. b4 Qc1+ 32. Kh2 Re1
33. h4 Qc6 34. Qd6 Qc1 35. Qb8+ Kh7 36. Rxf7 $2 {Wohl ein Einsteller.
Vermutlich hat Leko 37...Qc6 übersehen.} Rh1+ 37. Kg3 Qc6 $1 {Das Problem ist,
dass es gegen ...Qg6+ keine Verteidigung gibt.} 38. Rf4 $2 {Nach dem Fehler im
36. Zug folgt noch einer.} ({Immer noch gewann} 38. Qf4 $1 Qg6+ 39. Kf3 Qxd3+
40. Qe3 Qxe3+ (40... Qd5+ 41. Qe4+ Qxe4+ 42. Kxe4 Rxh4+ 43. f4 Rh2 44. Kf3 $18)
41. Kxe3 Rxh4 42. Rf4 Rh1 43. Kd4 $18) 38... Qg6+ $1 (38... Rg1 39. Re4 (39. f3
$4 Qc2 40. Kg4 Qxg2+ 41. Kf5 Re1 $17) 39... Qg6+ 40. Rg4 Rxg2+ 41. Kxg2 Qxg4+
42. Qg3 Qxb4 $14 {Weiß hat immer noch gute Chancen, aber es ist nicht mehr so
einfach.}) 39. Rg4 Qxd3+ 40. f3 Qe3 $1 {Schwarz hat es geschafft, aus dem
nichts einen Angriff zusammen zu basteln. Es gibt keinen klaren Gewinnweg mehr,
so entschied sich Weiss fuer einen sicheren halben Punkt.} 41. Qd6 Qe1+ 42. Kf4
Qc1+ 43. Kg3 Qe1+ 44. Kf4 Qc1+ 45. Ke5 Qc3+ 46. Qd4 Qc7+ 47. Qd6 (47. Ke6 Qc8+
48. Kf7 Qc7+ $11) 47... Qc3+ 48. Qd4 Qc7+ 49. Qd6 Qc3+ 1/2-1/2

[Event "Villa Martelli"]
[Site "Villa Martelli"]
[Date "1998.05.21"]
[Round "3"]
[White "Zarnicki, Pablo Adrian"]
[Black "Ginzburg, Maximiliano"]
[Result "0-1"]
[WhiteElo "2515"]
[BlackElo "2470"]
[Annotator "Lukacs,P"]
[PlyCount "92"]
[EventDate "1998.05.??"]
[EventType "tourn"]
[EventRounds "9"]
[EventCountry "ARG"]
[EventCategory "9"]
[SourceTitle "CBM 065"]
[Source "ChessBase"]
[SourceDate "1998.08.06"]
[SourceVersion "1"]
[SourceVersionDate "1998.08.06"]
[SourceQuality "1"]

1. e4 e5 2. Nf3 Nc6 3. Bb5 a6 4. Ba4 Nf6 5. O-O Be7 6. Re1 b5 7. Bb3 O-O 8. a4
Bb7 9. d3 d6 10. c3 Nb8 {This is a natural set-up here like in the Breyer
Variation. The difference is that instead of h3 White has played a4.} (10...
Nd7 {- CBM 57}) ({and} 10... Na5 {are playable alternatives.}) 11. axb5 (11.
Nbd2 Nbd7 12. Nf1 $5 (12. Bc2 Re8 13. Nf1 Bf8 14. Ng3 g6 15. d4 c5 {The same
position may arise from one of the main lines of the Breyer without h3, which
favours Black.} 16. b3 (16. d5 c4 $13 {/\ Nc5}) 16... d5 $1 (16... Bg7 $6 {
allows to close the [+], and seize the space advantage. Both of Black's Bs are
passive, only piece sacrifices on d5 may give him some chances for an active
play.} 17. d5 $1 b4 18. a5 $1 bxc3 19. Ne2 Nh5 20. Nxc3 h6 21. Nd2 Nf4 22. g3
Nh5 23. Nc4 $16 {Dolmatov-Wahono, World Cities 1997 with dangerous |^ on the
<<, while Black has no real counterchances on the >>, like in a bad King's
Indian.}) 17. exd5 (17. Nxe5 Nxe4 18. Nxe4 dxe4 $11) 17... exd4 $11) 12... Nc5
13. Bc2 Nxa4 (13... Re8 $5 {comes into consideration, as in the real Breyer.})
14. Bxa4 bxa4 15. Qxa4 Nd7 16. Be3 Nb6 17. Qb3 Bc8 18. d4 Be6 19. Qc2 $14 {
Kupreichik-Hoeksma, Leeuwarden op. 1993}) (11. Na3 $5 {This is an original
attempt to infuse life into a2-a4, but the a3N has it's drawback as well.} Nbd7
12. Bg5 Nc5 (12... c6 13. d4) 13. Bc2 Nxa4 (13... Bc6 $5) 14. Bxa4 bxa4 15. Nc4
Bc6 16. d4 $44 {Dgebuadze-Kholmov, Policka 1995}) 11... axb5 12. Rxa8 Bxa8 13.
Na3 c6 14. d4 (14. Ba2 Nbd7 15. b4 Qb8 $1 {It is not easy for White without d4
something real to achieve. Black wants to grab the |^ in the [+] with d6-d5,
while White's >> attemts are in vain.} 16. Qb3 (16. Nh4 $6 Re8 17. Nf5 Bf8 18.
Qf3 Qa7 $1 19. Bb3 g6 20. Ne3 Bg7 21. Ng4 d5 $1 22. Nc2 Nxg4 23. Qxg4 Nf6 24.
Qf3 c5 $1 $17 {Prelovsky-Adorjan, Hun. ch 1968}) 16... d5 $11 {Haag-Adorjan,
Hun. ch 1968}) (14. Nc2 Nbd7 15. Ne3 g6 (15... Re8 16. Nf5 Bf8 17. h3 d5 18.
Qe2 h6 19. Nh2 Kh7 20. Bc2 g6 21. Ne3 Bg7 22. Bd2 c5 23. Neg4 Nxg4 24. Nxg4 Nf6
$11 {Balashov-Wegner, Kusadasi op. 1990}) 16. h3 Nc5 (16... Re8) (16... d5 $5)
17. Bc2 h5 (17... b4 18. cxb4 Na6 19. d4 Qb8 20. dxe5 dxe5 21. Nc4 Bxb4 22. Bd2
$13 {Holmov}) 18. b4 Ne6 19. Bb3 Qc8 20. Qc2 c5 $1 $13 {Hracek-Kholmov,
Pardubice 1995}) 14... Nbd7 15. Nc2 $2 (15. Ba2 {/\ b4}) (15. Qe2) 15... c5 $1
{This central push shows the lack of harmony between the white pieces.} 16. Nd2
$2 {This is a very passive move, against all principles.} (16. dxe5 $5 dxe5 (
16... Nxe5 17. Nxe5 dxe5 18. Qxd8 Rxd8 19. f3) 17. Bd5 Nxd5 18. exd5 Nb6 $15) (
16. d5 $2 c4 17. Ba2 Nc5 18. Na3 Nfxe4 $17) 16... c4 17. Ba2 {[#] The B is
completely out of play.} d5 $1 $17 {This is the typical central breakthrough
in the Ruy Lopez.} 18. exd5 Nxd5 19. Nf1 (19. dxe5 Nf4 20. Ne4 Nd3 $17) (19.
Nf3 e4 $1 20. Rxe4 $4 Nxc3 $19) 19... Bg5 20. Nce3 (20. dxe5 Bxc1 21. Qxc1 Nc5
$1) 20... Nf4 21. Bb1 g6 22. f3 exd4 23. Qxd4 Ne6 24. Qd6 Bf4 25. Qd1 Ne5 26.
Qxd8 Rxd8 {The black pieces dominate on the entire board.} 27. Bc2 Nc5 28. Nxc4
$6 {White has lost his temper, but it is hard to suggest a useful alternative.}
Ned3 $1 $19 29. Bxd3 Nxd3 30. Bxf4 Nxe1 31. Nd6 Nd3 32. Bg3 Bc6 33. c4 b4 34.
b3 f5 35. Nb5 Bxb5 36. cxb5 f4 37. Bh4 Rb8 38. Nd2 Rxb5 39. Bf6 Kf7 40. Bh8 Rb8
41. Bd4 Rd8 42. Bb6 Rd6 43. Ba5 Ra6 44. Nc4 Re6 45. g3 Re1+ 46. Kg2 Rb1 0-1

[Event "Krynica zt"]
[Site "Krynica"]
[Date "1998.09.08"]
[Round "7"]
[White "Nisipeanu, Liviu Dieter"]
[Black "Almasi, Zoltan"]
[Result "1/2-1/2"]
[WhiteElo "2575"]
[BlackElo "2650"]
[Annotator "Lukacs,P"]
[PlyCount "34"]
[EventDate "1998.09.02"]
[EventType "swiss"]
[EventRounds "9"]
[EventCountry "POL"]
[SourceTitle "CBM 067"]
[Source "ChessBase"]
[SourceDate "1998.11.30"]
[SourceVersion "2"]
[SourceVersionDate "1998.11.01"]
[SourceQuality "1"]

1. e4 e5 2. Nf3 Nc6 3. Bb5 a6 4. Ba4 Nf6 5. O-O Be7 6. Re1 b5 7. Bb3 O-O 8. a4
Bb7 9. c3 {This allows a version of the Marshall Gambit, which wanted to avoid
White with 8.a4.} (9. Nc3 {or}) (9. d3 {are the main lines here.}) 9... d5 (
9... d6 {transposes to 7...d6 6.a4 Bb7 9.c3 0-0.} 10. d4 Na5 {In comparision
to the Zaitsev main line h3 and Re8 is missing. In some lines the defence of
>< f7 is important.} 11. Bc2 (11. dxe5 dxe5 12. Nxe5 Nxb3 13. Qxb3 Bxe4 $11)
11... c5 $11 {-7...d6 8.c3 0-0 9.a4 Bb7 10.d4 Na5 11.Bc2 c5 C88}) (9... b4 $5 {
Szabo}) 10. d4 (10. axb5 axb5 11. Rxa8 Bxa8 12. d4 (12. d3 dxe4 13. dxe4 Qxd1
$11) 12... Nxe4 13. dxe5 {is Filipenko's idea with similar positions to the
Opened Ruy Lopez, but it is hard to believe that this plan is good for an
advantage.} Bc5 14. Re2 Qe7 15. Bf4 Rd8 16. Nd4 Bb6 17. Bc2 Nxd4 18. cxd4 c5
19. Be3 b4 $15 {Filipenko-Zakharov, Rostov op 1993}) (10. d3 {cannot give any
advantage for White.} dxe4 11. dxe4 Na5 12. Nbd2 Nxb3 13. Qxb3 Bd6 14. c4 b4
15. Qc2 Bc5 16. Nf1 b3 17. Qxb3 Bxe4 18. Nxe5 Qd4 19. Qg3 Rfe8 20. Nf3 Qxc4 $13
{Kveinys-Kaidanov, Groningen op 1990}) (10. exd5 Nxd5 11. d3 (11. axb5 axb5 12.
Rxa8 Bxa8 13. d3 (13. d4 exd4 14. Nxd4 Nxd4 15. Qxd4 Bd6 {It is only White who
has problems with his development.} 16. Bc2 (16. Nd2 c5 $17 {Wilkmann-Jovcic,
corr 1957}) 16... c5 17. Qg4 Re8 18. Rxe8+ Qxe8 19. Qe4 Nf6 $11 {
Beninsh-Elburg, corr 1988/1989}) (13. Na3 Na5 14. Ba2 (14. Nxe5 $2 Nxb3 15.
Qxb3 Nf4 16. f3 Bd6 $17 {with a strong ->.}) 14... e4 15. Ne5 {
(Balashov-Tseitlin, SU-ch 1970)} Bxa3 16. bxa3 Qh4 $11 {Tal}) 13... Bf6 $13 (
13... b4 14. Ba4 $5 (14. Nxe5 Nxe5 15. Rxe5 Bf6 16. Re4 bxc3 17. bxc3 Nxc3 18.
Nxc3 Bxc3 19. Rf4 Be5 $11 {with equalization, Kr.Georgiev-Kaidanov, Torcy 1981.
}) 14... bxc3 15. bxc3 Bf6 16. Bxc6 Bxc6 17. Nxe5 Bxe5 18. Rxe5 Nxc3 $1 $11)) (
{Accepting the P sacrifice} 11. Nxe5 Nxe5 12. Rxe5 {is strongly met by} Nf4 $1
13. d4 Nxg2 14. axb5 (14. Qg4 $6 Nh4 15. Nd2 Bd6 16. Rg5 Ng6 17. Nf1 (17. h4
Kh8 18. h5 f5 $1) 17... Qf6 18. Ng3 Rae8 19. Be3 Bc8 20. Nh5 Qe7 21. Qg2 Kh8 $1
22. Bc2 (22. Re1 Nh4 23. Qh1 Qxg5+ $1 $19) 22... f5 $1 23. Bd3 Bd7 24. Re1 Qf7
$19) 14... Nh4 15. d5 Qd6 16. Re4 axb5 17. Rxa8 Rxa8 18. Na3 Bc8 19. Qh5 Ng6
$44) 11... Bf6 12. Nbd2 (12. Na3 b4 $1) 12... Nf4 13. Ne4 Nxd3 14. Nxf6+ gxf6
15. Bh6 Nxe1 16. Qxe1 Qd3 $1 17. Bxf8 (17. Rd1 Qg6 18. Bxf8 Nd4 $1) 17... Rxf8
18. Rd1 Qf5 $17 {Tal}) 10... dxe4 {This is the correct reply here.} (10... Nxe4
$143 11. dxe5 $142 (11. Nxe5 Nxe5 12. dxe5 c5 $13) 11... Na5 12. Bc2 $14) (
10... exd4 $143 11. e5 Ne4 12. cxd4 Na5 13. Bc2 f5 14. exf6 Bxf6 15. Nc3 Nxc3 (
15... Nc4 16. Nxe4 dxe4 17. Bxe4 Bxe4 18. Rxe4 Qd5 19. Rg4 $1 $16) 16. bxc3 Nc4
17. Qd3 $16 {Cooper-Arandjelovich, Auckland op 1996}) 11. Nxe5 (11. dxe5 $6 {
is out of question because of} exf3 12. exf6 Bxf6 $17) 11... Nxe5 ({Less clear
is} 11... Na5 12. Bc2 c5 13. Bg5 (13. dxc5 $2 Bxc5 14. b4 $2 Bd6) 13... cxd4
14. cxd4 $13) 12. dxe5 Nd7 $1 (12... Qxd1 $6 {leads to forced lines, where
Black has serious problems, for example:} 13. Rxd1 (13. Bxd1 $2 Nd7) 13... Ng4
14. Rd7 Bc5 (14... Bd8 15. e6 $1) 15. Rxc7 Bxf2+ 16. Kf1 Rab8 (16... Be3 17.
Bxe3 Nxe3+ 18. Ke2 Bd5 19. Kxe3 Bxb3 20. axb5 axb5 21. Rxa8 Rxa8 22. Nd2 $18)
17. h3 $1 (17. e6 fxe6 $1 (17... Bb6 18. Rxf7 Rxf7+ 19. exf7+ Kf8 20. h3 $1 (
20. Bf4 Rd8) 20... Ne3+ 21. Bxe3 Bxe3 22. axb5 axb5 23. Na3 $16) 18. Bxe6+ Kh8)
17... Be3 (17... Bb6 18. Rxb7 Nh2+ 19. Ke2 Rxb7 20. axb5 axb5 21. Bf4 $16) 18.
Bxe3 Nxe3+ 19. Kf2 Nf5 20. axb5 axb5 21. Ra7 e3+ 22. Kg1 e2 23. Kf2 Bxg2 24.
Rxf7 Rxf7 25. Rxf7 $18) 13. e6 Nc5 $1 14. exf7+ Kh8 15. Bc2 (15. axb5 $2 Qxd1
16. Bxd1 Nd3 $19) 15... bxa4 (15... Nd3 $5 {was worthy of consideration.} 16.
Bxd3 exd3 17. Re3 (17. axb5 Qd5 18. f3 (18. Qg4 Qxf7 19. Be3 axb5) 18... Bc5+
19. Be3 (19. Kh1 axb5) 19... axb5) 17... Bc5 18. Rxd3 Qf6 19. Qf1 Rxf7 {
Black has a strong pressure on the f <->, and a good ^^.} 20. Be3 Bxe3 21. Rxe3
Rd8 $1 $44) 16. Qh5 (16. Bxa4 Nd3 17. Re2 Rxf7 $13) 16... Bd5 $2 (16... Nd3 {
was again good for equalizing:} 17. Bxd3 exd3 (17... Qxd3 $6 18. Be3) 18. Be3
Qd5 $1 (18... Bd5 19. Nd2 Bxf7 20. Qg4) 19. Qxd5 Bxd5 20. Nd2 Rxf7 $11) 17. Nd2
Bxf7 {18.Qe2 was possible to continue the fight with somewhat better
perspectives for White.} 1/2-1/2

[Event "Olympiad-32"]
[Site "Yerevan"]
[Date "1996.09.19"]
[Round "4.1"]
[White "Lautier, Joel"]
[Black "Sokolov, Ivan"]
[Result "1-0"]
[WhiteElo "2620"]
[BlackElo "2670"]
[Annotator "Makarichev,S"]
[PlyCount "87"]
[EventDate "1996.09.15"]
[EventType "team-swiss"]
[EventRounds "14"]
[EventCountry "ARM"]
[SourceTitle "CBM 055"]
[Source "ChessBase"]
[SourceDate "1996.12.01"]
[SourceVersion "1"]
[SourceVersionDate "1996.12.01"]
[SourceQuality "1"]
[WhiteTeam "France"]
[BlackTeam "Bosnia&Herzegovina"]
[WhiteTeamCountry "FRA"]
[BlackTeamCountry "BIH"]

1. e4 e5 2. Nf3 Nc6 3. Bb5 a6 4. Ba4 Nf6 5. O-O Be7 6. Re1 b5 7. Bb3 O-O 8. h3
Bb7 9. d3 d6 10. a3 Nb8 {N/} (10... Kh8 $5 {Kasparov,G-Kamsky,G/Dos Hermanas/
1996/}) 11. Nbd2 c5 12. Nf1 Nbd7 (12... h6 $5 13. Ng3 Re8 14. Nf5 Bf8 $14) 13.
Ng3 Rc8 14. Ba2 $5 (14. c3 c4 15. dxc4 bxc4 16. Bc2 $13) (14. Nf5 $5 $14 {
/\Nf5xe7+/=}) 14... Re8 15. Nf5 $40 Bf8 16. Bg5 $5 $40 (16. Ng5 $5 c4 $1 (16...
d5 $2 17. exd5 h6 (17... Bxd5 $2 18. Bxd5 Nxd5 19. Qh5 $18) 18. Ne6 $1 $16 (18.
Nf3 $2 Bxd5 $15) (18. Nxf7 $2 Kxf7 19. d6+ Kg6 $17)) 17. dxc4 bxc4 (17... h6 $6
18. Nxf7 $1 $40 Kxf7 19. cxb5+ Kg6 20. bxa6 Bxe4 21. Rxe4 Nxe4 22. Qg4+ Ng5 23.
Nh4+ Kh7 24. Qf5+ g6 25. Qxg6+ Kh8 26. Qg8#) 18. Nxd6 Bxd6 19. Qxd6 h6 $1 20.
Qb4 $1 (20. Nf3 Nxe4 21. Qb4 Qb6 $13) 20... Qb6 21. Nf3 (21. Bxc4 $2 hxg5)
21... Nxe4 $132) 16... h6 (16... Qc7 $5 $132) 17. Qd2 $3 c4 $5 (17... hxg5 $2
18. Qxg5 $1 Re7 (18... c4 19. Nh6+) (18... g6 19. Qxg6+) (18... d5 19. Nh6+ Kh7
20. Nxf7 Qe7 21. Qh4+ Kg8 (21... Kg6 22. Nh8#) 22. N3g5 $16) 19. Nxd6 Bc6 20.
Nxf7 Rxf7 21. Qg6 c4 (21... Qe8 22. Ng5 c4 23. dxc4 Re7 24. cxb5+ Kh8 (24...
Bd5 {- 21...c4}) 25. Nf7+ Rxf7 26. Bxf7 $18) 22. Ng5 Qe8 23. dxc4 Re7 24. cxb5+
Bd5 25. Qxe8 Rcxe8 26. exd5 $16) (17... d5 $5 $132) 18. Bh4 (18. Bxh6 $5 gxh6
19. Nxh6+ Bxh6 (19... Kg7 $4 20. Qg5+ Kh7 21. Nxf7 $16) 20. Qxh6 Nf8 $15 21.
Nh4 N6h7 22. Re3 Qf6 23. Rg3+ Kh8 24. Qh5 $15) 18... Qc7 19. Nh2 $1 d5 $1 $15 (
19... cxd3 $2 20. cxd3 Qc2 21. Qe3 $40 {/\22.Re2} Qxb2 $140 22. Qg3 $16) 20.
exd5 Nxd5 21. dxc4 bxc4 22. Rad1 Qc6 $40 23. Ne3 $1 $8 Nxe3 24. fxe3 Nc5 $5 (
24... Nb6 $13) 25. Rf1 (25. Bxc4 $2 Ne4 26. Qd7 Qxc4 (26... Qxd7 27. Rxd7 Rxc4
28. Rxb7 Rxc2 $15) 27. Qxb7 Qxc2 $17 {/\g7-g5} (27... Nc5 $6 28. Qb4 $13))
25... Rc7 26. Qe2 Ne4 27. Nf3 Kh8 28. Be1 Qb5 (28... c3 $2 29. Bd5 $1) 29. c3
Kg8 $138 30. Nh4 g6 31. Nf3 Kh7 $6 32. Nh2 $1 Bg7 $4 (32... f5 $5 $15) 33. Rxf7
$3 $18 Rxf7 34. Bxc4 Qd7 35. Rxd7 Rxd7 36. Bxa6 Bxa6 37. Qxa6 Rd1 38. Nf3 Red8
39. Kh2 Rb1 40. Qb7 Nf6 41. Bh4 Rd7 42. Qc6 g5 43. Nxg5+ $1 hxg5 44. Bxg5 1-0

[Event "EU-ch 12th"]
[Site "Aix les Bains"]
[Date "2011.04.02"]
[Round "11"]
[White "Cheparinov, Ivan"]
[Black "Beliavsky, Alexander G"]
[Result "1/2-1/2"]
[WhiteElo "2664"]
[BlackElo "2619"]
[Annotator "Marchand,A/Primel,D"]
[PlyCount "128"]
[EventDate "2011.03.22"]
[EventType "swiss"]
[EventRounds "11"]
[EventCountry "FRA"]
[SourceTitle "CBM 142 Extra"]
[Source "ChessBase"]
[SourceDate "2011.06.27"]
[SourceVersion "1"]
[SourceVersionDate "2011.06.27"]
[SourceQuality "1"]
[TimeControl "40/5400+30:1800+30"]

1. e4 e5 2. Nf3 Nc6 3. Bb5 a6 4. Ba4 Nf6 5. O-O Be7 6. Re1 b5 7. Bb3 O-O 8. h3
(8. c3 d5 9. exd5 Nxd5 10. Nxe5 Nxe5 11. Rxe5 c6 12. d4 (12. g3 Bd6 {Polgar,J 
(2728)-Svidler,P (2735) Corus Wijk aan Zee 2005 (1) 1-0} (12... Nf6 13. d4 Bd6
14. Re1 Bg4 15. Qd3 {Fischer,R-Spassky,B Piatigorsky-Cup 2nd 1966 (17) 1/2} (
15. f3)))) 8... Bb7 9. d3 d6 (9... d5 10. exd5 Nxd5 11. Nxe5 Nd4 12. Nc3 (12.
Bd2 {[%cal Gb1c3]}) 12... Nxb3 13. axb3 Nb4 14. Bf4 Qd4 15. Bg3 Bd6 16. Ne2 Qc5
{Gormally,D (2504)-Beliavsky,A (2606) EU Union-ch 4th 2008 (5) 1-0} (16... Qxb2
$5 {Beliavsky})) 10. a3 Na5 11. Ba2 c5 12. Nc3 Nc6 13. Bd2 Nd4 14. Nxd4 cxd4
15. Ne2 d5 16. Ng3 dxe4 17. dxe4 g6 $146 (17... Bc8 18. c3 Bc5 19. Qf3 Be6 20.
Nf5 Rc8 21. Red1 Re8 22. cxd4 Bxd4 23. Be3 Bxf5 24. Qxf5 g6 25. Qf3 Qb6 26. Rd2
Kg7 27. Bxd4 exd4 28. Re1 Qd6 29. g3 Re7 30. Qd3 Rce8 31. Qxd4 Qxd4 32. Rxd4 {
Topalov,V (2780)-Carlsen,M (2733)/Wijk aan Zee 2008/CBM 122/1/2-1/2 (56)}) 18.
c3 Bc5 $1 19. Qf3 Ne8 {[%cal Gf7f5,Gf8f3,Gd8f6]} (19... dxc3 20. Bxc3 Qe7 21.
Rad1) 20. Rad1 {[%cal Gd1d8]} (20. Bh6 Ng7) 20... Qf6 (20... Rc8) 21. cxd4 Qxf3
22. gxf3 exd4 (22... Bxd4 23. Bb4 {[%csl Rf8]}) 23. Bb4 Bxb4 24. axb4 Rd8 25.
Ne2 Ng7 26. Nxd4 Nh5 $1 {[%csl Gf4]} 27. h4 Nf4 28. Nb3 Bc8 (28... Nd3 $2 29.
Rxd3 $1 Rxd3 30. Nc5 {[%cal Gc5d3,Gc5b7]}) 29. Nc5 Kg7 30. Bd5 Rfe8 31. Bc6 Rg8
32. Kh2 Kf6 (32... h6) 33. Bd7 Bxd7 34. Nxd7+ Ke7 35. Nc5 h6 36. Nxa6 g5 37.
Nc7 gxh4 38. Nd5+ Nxd5 39. exd5+ Kd6 40. Re4 Rg6 41. Rxh4 Rdg8 42. Kh3 Rf6 43.
Rd3 Rg5 44. Ra3 Kxd5 45. Rc3 Kd6 46. Rd4+ Ke7 47. f4 Rg1 48. Re3+ Re6 49. Rd5
Rb1 50. Rxb5 Rxb2 51. Kg3 Kf6 52. Rb7 h5 53. Rd3 Kg7 54. f5 Rf6 55. Rf3 (55.
Kf4 Kh6) 55... Rd6 56. Kh4 Kh6 {[%cal Gd6d4]} 57. Rf4 f6 58. Rb8 Rd1 59. Rh8+
Kg7 60. Rxh5 Rh1+ 61. Kg4 Rhb1 62. Rh4 Rxb4 63. Rxb4 Rxb4+ 64. f4 Rb7 1/2-1/2